[Event "ICS rated standard match"]
[Site "204.178.125.65"]
[Date "2000.12.24"]
[Round "?"]
[White "Hossa"]
[Black "BrazilianMaster"]
[Result "0-1"]
[WhiteElo "2314"]
[BlackElo "2563"]
[PlyCount "110"]
[EventDate "2000.??.??"]

1. Nf3 Nf6 2. d4 g6 3. Nc3 d5 4. Bf4 Bg7 5. Qd2 O-O 6. O-O-O a5 7. e3 a4 8. Bd3
a3 9. b3 Nh5 10. Be5 f6 11. Bg3 c6 12. e4 Rf7 13. Kb1 Be6 14. Rde1 Na6 15. exd5
Bxd5 16. Nxd5 cxd5 17. c3 Bf8 18. Bh4 Qc7 19. g4 Bh6 20. Qxh6 Nf4 21. Re2 Nxd3
22. Qe3 Nb2 23. Rc2 Qd7 24. h3 Rc8 25. Qh6 b5 26. Rhc1 Rg7 27. g5 Qf5 28. gxf6
exf6 29. Ne1 b4 30. Ka1 Qxh3 31. cxb4 Rxc2 32. Rxc2 Re7 33. Rc1 Nxb4 34. Qd2
N2d3 35. Nxd3 Nxd3 36. Rb1 Qxh4 37. Qxd3 Qxf2 38. Qc3 Rc7 39. Qb4 Rc2 40. Qxa3
Qxd4+ 41. Qb2 Rxb2 42. Rxb2 h5 43. a3 h4 44. Ka2 Qxb2+ 45. Kxb2 h3 46. Kc3 h2
47. a4 h1=Q 48. Kd2 Qf3 49. b4 d4 50. a5 Qe3+ 51. Kc2 Qc3+ 52. Kb1 d3 53. Ka2
d2 54. b5 d1=Q 55. b6 Qda1# {Hossa checkmated} 0-1

[Event "ICS rated standard match"]
[Site "204.178.125.65"]
[Date "2000.12.24"]
[Round "?"]
[White "BrazilianMaster"]
[Black "Hossa"]
[Result "1-0"]
[WhiteElo "2575"]
[BlackElo "2308"]
[PlyCount "104"]
[EventDate "2000.??.??"]

1. Nf3 Nf6 2. d4 g6 3. c4 Bg7 4. g3 d5 5. Bg2 dxc4 6. Na3 c5 7. O-O cxd4 8.
Nxd4 O-O 9. Nxc4 Na6 10. b3 Nc7 11. Ba3 Nfd5 12. Rc1 Bg4 13. h3 Bc8 14. Qd2 Qd7
15. Rfd1 Rd8 16. e4 Nc3 17. Qxc3 Bxd4 18. Qa5 Ne6 19. Ne3 b6 20. Qe1 Qe8 21.
Nd5 Bc5 22. b4 Bd4 23. Rxd4 Nxd4 24. Bb2 Ne6 25. Qc3 f6 26. e5 Bb7 27. Qb3 Qd7
28. Nxe7+ Qxe7 29. exf6 Qf7 30. Bxb7 Qxb7 31. Qxe6+ Qf7 32. Qxf7+ Kxf7 33. Rc7+
Ke6 34. Re7+ Kd5 35. Rxh7 Kc4 36. Kg2 Rd2 37. Bc1 Rd1 38. Rc7+ Kxb4 39. f7 Rdd8
40. Bg5 Rh8 41. Be7+ Kb5 42. Rc3 Rhf8 43. Bxf8 Rxf8 44. Rc7 Ka6 45. Kf3 b5 46.
Kg4 Kb6 47. Re7 Kc6 48. Kg5 a5 49. Kxg6 b4 50. Re8 Rxf7 51. Kxf7 a4 52. Rb8 Kc5
{Hossa resigns} 1-0

[Event "ICS rated blitz match"]
[Site "204.178.125.65"]
[Date "2000.12.24"]
[Round "?"]
[White "PostModernist"]
[Black "Hossa"]
[Result "1/2-1/2"]
[WhiteElo "2595"]
[BlackElo "2552"]
[PlyCount "187"]
[EventDate "2000.??.??"]

1. e4 Nf6 2. e5 Nd5 3. c4 Nb6 4. c5 Nd5 5. Nc3 e6 6. d4 Nxc3 7. bxc3 d6 8. cxd6
cxd6 9. Nf3 Nc6 10. exd6 Bxd6 11. Bd3 e5 12. O-O exd4 13. cxd4 O-O 14. Qc2 Kh8
15. Be3 Nb4 16. Qb1 Nxd3 17. Qxd3 Qf6 18. Rfe1 h6 19. d5 Bg4 20. Bd4 Qf5 21.
Qxf5 Bxf5 22. h3 Kh7 23. Rac1 h5 24. Bc5 Rad8 25. Bxd6 Rxd6 26. Re5 Bg6 27. Rc7
Ra6 28. Rxb7 Rxa2 29. Ree7 a5 30. Ng5+ Kg8 31. d6 Rd2 32. Ne6 fxe6 33. Rxg7+
Kh8 34. Rxg6 Rxd6 35. Rh6+ Kg8 36. Rxh5 Rd1+ 37. Kh2 Rxf2 38. Rxa5 Rf7 39. Rb6
Re7 40. h4 Rd2 41. Rg5+ Kf7 42. h5 Kf6 43. Rg6+ Ke5 44. h6 Kf5 45. Rg8 Rh7 46.
Rb5+ e5 47. Rb6 Ra2 48. Rg7 Rxg7 49. hxg7 Ra8 50. g4+ Kg5 51. Kg3 Rg8 52. Re6
Rxg7 53. Rxe5+ Kg6 54. Re6+ Kg5 55. Re8 Kg6 56. Kf4 Rf7+ 57. Ke4 Kg7 58. g5 Rf2
59. Rd8 Re2+ 60. Kf4 Rf2+ 61. Kg3 Rf8 62. Rd1 Kg8 63. Kg4 Rf7 64. g6 Rf6 65.
Kg5 Rf8 66. Kh6 Re8 67. Rd6 Rf8 68. Rc6 Re8 69. g7 Rd8 70. Re6 Rc8 71. Rb6 Rd8
72. Rc6 Rb8 73. Rf6 Rd8 74. Ra6 Re8 75. Rd6 Rc8 76. Re6 Kf7 77. Rg6 Kg8 78. Rd6
Ra8 79. Rd1 Ra6+ 80. Kg5 Kxg7 81. Rd2 Rb6 82. Kh5 Rc6 83. Rd4 Re6 84. Kg5 Re5+
85. Kg4 Re3 86. Rd6 Re2 87. Rd1 Rf2 88. Kh4 Rg2 89. Kh5 Rh2+ 90. Kg4 Rg2+ 91.
Kh4 Rh2+ 92. Kg4 Rg2+ 93. Kh4 Rh2+ 94. Kg4 {Game drawn by repetition} 1/2-1/2

[Event "ICS rated blitz match"]
[Site "204.178.125.65"]
[Date "2000.12.24"]
[Round "?"]
[White "Hossa"]
[Black "PostModernist"]
[Result "0-1"]
[WhiteElo "2554"]
[BlackElo "2593"]
[PlyCount "124"]
[EventDate "2000.??.??"]

1. Nf3 Nf6 2. d4 g6 3. c4 Bg7 4. g3 c6 5. Bg2 d5 6. cxd5 cxd5 7. O-O O-O 8. Nc3
Ne4 9. Bf4 Nc6 10. Rc1 Be6 11. Nxe4 dxe4 12. Ng5 Bxa2 13. e3 f5 14. b3 Qb6 15.
Rc3 Qb4 16. Qa1 Bxb3 17. Rb1 Nxd4 18. exd4 Bxd4 19. Rcxb3 Qxb3 20. Rxb3 Bxa1
21. Rxb7 Bf6 22. Ne6 Rfc8 23. Bf1 a5 24. Bc7 a4 25. Bc4 Kh8 26. Kf1 a3 27. Ba2
Ra6 28. Kg2 e3 29. fxe3 Rc6 30. Kf3 Rc2 31. Bd5 a2 32. Bxa2 Rxa2 33. h3 Ra6 34.
Bb6 h5 35. h4 Rc1 36. Rb8+ Kh7 37. Rb7 Ra2 38. e4 fxe4+ 39. Kf4 Rf1+ 40. Ke3
Re1+ 41. Kf4 Rae2 42. Ng5+ Kg7 43. Nxe4 Rxe4+ 44. Kf3 Bd4 45. Bxd4+ Rxd4 46.
Kf2 Rdd1 47. Rb4 Kf6 48. Rf4+ Ke5 49. Rc4 Ra1 50. Rc7 Kf5 51. Rc4 Rec1 52. Rf4+
Ke5 53. Kg2 Rc2+ 54. Rf2 Rxf2+ 55. Kxf2 Ke4 56. g4 hxg4 57. Kg2 Kf4 58. Kf2
Ra2+ 59. Kf1 g3 60. h5 Kf3 61. Ke1 g2 62. Kd1 g1=Q# {Hossa checkmated} 0-1

[Event "ICS rated blitz match"]
[Site "204.178.125.65"]
[Date "2000.12.24"]
[Round "?"]
[White "andrewt"]
[Black "Hossa"]
[Result "0-1"]
[WhiteElo "2411"]
[BlackElo "2540"]
[PlyCount "24"]
[EventDate "2000.??.??"]

1. d4 d5 2. c4 e6 3. Nc3 c5 4. Nf3 cxd4 5. Nxd4 dxc4 6. Qa4+ Bd7 7. Qxc4 Nf6 8.
e4 e5 9. Nb3 Nc6 10. Bg5 Nb4 11. Nd5 Rc8 12. Bxf6 gxf6 {andrewt resigns} 0-1

[Event "ICS rated blitz match"]
[Site "204.178.125.65"]
[Date "2000.12.24"]
[Round "?"]
[White "HotSilicon"]
[Black "Hossa"]
[Result "1-0"]
[WhiteElo "2537"]
[BlackElo "2550"]
[PlyCount "127"]
[EventDate "2000.??.??"]

1. e4 c5 2. Nf3 d6 3. d4 cxd4 4. Nxd4 Nf6 5. Nc3 g6 6. Be3 Bg7 7. f3 O-O 8. Qd2
Nc6 9. Bc4 Bd7 10. h4 Rc8 11. Bb3 Na5 12. O-O-O e5 13. Ndb5 Nxb3+ 14. axb3 Qa5
15. Nxd6 Qa1+ 16. Nb1 Rc7 17. Qb4 a6 18. Qb6 Ne8 19. Nxe8 Rc6 20. Qxb7 Bxe8 21.
h5 gxh5 22. Rxh5 h6 23. Qe7 Qa5 24. Rdh1 f5 25. Rxf5 Bf6 26. Qb7 Rf7 27. Qa8
Re7 28. Bxh6 Rd6 29. Bg5 Bxg5+ 30. Rxg5+ Kf7 31. Rgh5 Rd8 32. Rh7+ Kg8 33. Rh8+
Kg7 34. b4 Qb6 35. R1h7+ Kf6 36. Rh6+ Kg7 37. R8h7+ Kf8 38. Rxb6 Rxa8 39. Rh8+
Kg7 40. Rbh6 Raa7 41. Nc3 Bg6 42. Nd5 Red7 43. c4 Rdb7 44. Kd2 Bf7 45. Ke3 Bg8
46. c5 Rb8 47. c6 Rf8 48. c7 Rb7 49. Rh4 Ra7 50. R8h5 Rc8 51. Rg5+ Kf8 52. Rh8
Kf7 53. g3 Raa8 54. Rh6 Kf8 55. Rf6+ Bf7 56. Rgf5 Rxc7 57. Nxc7 Kg8 58. Rxf7
Ra7 59. Rd7 Rb7 60. Rxe5 Rb8 61. Rg5+ Kh8 62. Rd2 Rb6 63. Rh2+ Rh6 64. Rxh6# {
Hossa checkmated} 1-0

[Event "ICS rated standard match"]
[Site "204.178.125.65"]
[Date "2000.12.24"]
[Round "?"]
[White "Hossa"]
[Black "Tinker"]
[Result "1-0"]
[WhiteElo "2302"]
[BlackElo "2309"]
[PlyCount "95"]
[EventDate "2000.??.??"]

1. e4 c5 2. Nf3 d6 3. d4 cxd4 4. Nxd4 Nf6 5. Nc3 g6 6. Be3 Bg7 7. f3 O-O 8. Qd2
Nc6 9. Bc4 Bd7 10. h4 Rc8 11. Bb3 Ne5 12. Bh6 Bxh6 13. Qxh6 Rxc3 14. bxc3 Qa5
15. O-O Qxc3 16. Rad1 Nh5 17. Rf2 Qc5 18. Bd5 e6 19. Bb3 a5 20. a4 b6 21. g4
Ng7 22. h5 Kh8 23. Kh1 gxh5 24. gxh5 Nc6 25. Qf6 Qe5 26. Qxe5 Nxe5 27. Rh2 Rc8
28. Rg1 Ne8 29. f4 Nc6 30. Nb5 Ne7 31. Rd2 Bxb5 32. axb5 Rc3 33. Rd3 Rc5 34.
Rg5 Rc8 35. e5 d5 36. h6 Ng8 37. Rh3 Rc5 38. f5 Nc7 39. f6 Nxb5 40. Rg7 Rc7 41.
Rhg3 Rc8 42. c3 Nxc3 43. Rxf7 Nxh6 44. Rxc3 Rxc3 45. Rf8+ Ng8 46. f7 Rg3 47.
Rc8 Rg5 48. Bd1 {Tinker resigns} 1-0

[Event "ICS rated standard match"]
[Site "204.178.125.65"]
[Date "2000.12.24"]
[Round "?"]
[White "Tinker"]
[Black "Hossa"]
[Result "1-0"]
[WhiteElo "2293"]
[BlackElo "2318"]
[PlyCount "249"]
[EventDate "2000.??.??"]

1. e4 e6 2. d4 d5 3. Nc3 Bb4 4. e5 c5 5. a3 Bxc3+ 6. bxc3 Ne7 7. Qg4 cxd4 8.
Qxg7 Rg8 9. Qxh7 Qc7 10. Ne2 Nbc6 11. f4 Bd7 12. Qd3 dxc3 13. Qxc3 Nf5 14. Rb1
Rc8 15. Bd2 Nce7 16. Rb2 Qxc3 17. Nxc3 Nd4 18. Kd1 Rc7 19. Kc1 Nef5 20. g3 Rh8
21. Bg2 Rh6 22. a4 Rg6 23. Kb1 b6 24. Ra2 Rg8 25. Rd1 Rh8 26. Rh1 Rg8 27. Rb2
Rg6 28. Kc1 Rg8 29. Kd1 Rc5 30. Rg1 Rg6 31. Ra2 Rc8 32. Rh1 Rg8 33. a5 bxa5 34.
Rxa5 Rc7 35. Ra2 Rb7 36. Kc1 Rh8 37. Rb2 Rc7 38. Rb8+ Bc8 39. Rb2 Bd7 40. Kd1
Ke7 41. Ra2 Rhc8 42. Ra3 a5 43. Bf1 Nf3 44. Ba6 Ra8 45. Nb5 Rc5 46. Rxf3 Rxa6
47. Na3 d4 48. Rd3 Bc6 49. Re1 Ra8 50. Re2 Rg8 51. Ke1 Rd5 52. Rf3 Rdd8 53. Rb3
Ra8 54. Rd3 Bd5 55. c4 dxc3 56. Bxc3 Kf8 57. Red2 Ke7 58. Nb5 Kd7 59. Rb2 Ra6
60. Na3 Ke7 61. Rb5 Rga8 62. Rc5 Be4 63. Rd1 Bd5 64. Nb5 Ne3 65. Rd2 Nc4 66.
Rd3 Rb6 67. Nc7 Rd8 68. Rd4 Rb1+ 69. Ke2 Nb6 70. Nxd5+ Nxd5 71. Bxa5 Rh8 72. h4
Rg8 73. Be1 Rb2+ 74. Rd2 Rxd2+ 75. Kxd2 Rb8 76. Bf2 Kf8 77. Rc4 Rb2+ 78. Ke1
Ke8 79. Rc8+ Kd7 80. Rc1 Ke8 81. Bd4 Rb3 82. Kf2 Rd3 83. Rc4 Ne7 84. Bb6 Nf5
85. Rc8+ Ke7 86. Rg8 Rb3 87. Bc5+ Kd7 88. Kg2 Rd3 89. Bf2 Nh6 90. Rg5 Nf5 91.
g4 Ne7 92. Rg7 Ke8 93. h5 Nd5 94. Rg8+ Kd7 95. Bg3 Rd2+ 96. Kh3 Rd3 97. Kh4 Rf3
98. h6 Rf1 99. Kg5 Nc3 100. Kf6 Rh1 101. Kg7 Ne4 102. h7 Nxg3 103. Rf8 Kc6 104.
Rxf7 Ne4 105. h8=Q Rxh8 106. Kxh8 Kd5 107. g5 Nc3 108. g6 Ne4 109. g7 Kd4 110.
f5 exf5 111. g8=Q Ke3 112. Qg1+ Kd3 113. Qd1+ Ke3 114. Qe1+ Kd4 115. Qxe4+ fxe4
116. e6 Kd5 117. e7 Kd4 118. Kg7 Kd3 119. Kf6 Kc4 120. e8=Q Kd4 121. Rb7 Kd3
122. Rb3+ Kc2 123. Qa4 Kc1 124. Qa2 e3 125. Rb1# {Hossa checkmated} 1-0

[Event "ICS rated blitz match"]
[Site "204.178.125.65"]
[Date "2000.12.24"]
[Round "?"]
[White "Hossa"]
[Black "Tinker"]
[Result "0-1"]
[WhiteElo "2533"]
[BlackElo "2482"]
[PlyCount "144"]
[EventDate "2000.??.??"]

1. e4 c5 2. Nf3 d6 3. d4 cxd4 4. Nxd4 Nf6 5. Nc3 g6 6. Be3 Bg7 7. f3 O-O 8. Qd2
Nc6 9. Bc4 Bd7 10. h4 Rc8 11. Bb3 Ne5 12. Bh6 Bxh6 13. Qxh6 Rxc3 14. bxc3 Qa5
15. O-O Qxc3 16. Rad1 Nh5 17. Rf2 Qc5 18. Bd5 e6 19. Bb3 Nc4 20. Bxc4 Qxc4 21.
Nb3 d5 22. Rd4 Qc6 23. c4 dxc4 24. Na5 Qa4 25. Nxb7 e5 26. Nc5 Qb4 27. Rd5 Bc6
28. Rxe5 Qe1+ 29. Rf1 Qxh4 30. Rg5 Rb8 31. Rg4 Qe7 32. Qxh5 Rb5 33. Rd1 Qxc5+
34. Qxc5 Rxc5 35. Rd8+ Kg7 36. g3 c3 37. Rd1 f5 38. exf5 Bxf3 39. f6+ Kf7 40.
Rd7+ Kxf6 41. Rf4+ Ke6 42. Rff7 c2 43. Rfe7+ Kf6 44. Re1 c1=Q 45. Rxc1 Rxc1+
46. Kf2 Bc6 47. Rxa7 h6 48. Rc7 Kg5 49. Rc8 Kg4 50. Rh8 Rc2+ 51. Ke3 Rxa2 52.
Rxh6 Be8 53. Rh8 Kxg3 54. Rg8 Bf7 55. Rf8 g5 56. Ke4 Bd5+ 57. Ke3 g4 58. Rf6
Kh4 59. Rg6 g3 60. Rg7 g2 61. Kf4 Kh5 62. Rg5+ Kh6 63. Rg3 Rf2+ 64. Ke5 Rf1 65.
Kd6 g1=Q 66. Rh3+ Kg6 67. Rh8 Qb6+ 68. Kxd5 Rd1+ 69. Kc4 Qc7+ 70. Kb3 Rb1+ 71.
Ka2 Qc2+ 72. Ka3 Qb3# {Hossa checkmated} 0-1

[Event "ICS rated blitz match"]
[Site "204.178.125.65"]
[Date "2000.12.24"]
[Round "?"]
[White "Hossa"]
[Black "Cypher"]
[Result "1-0"]
[WhiteElo "2515"]
[BlackElo "2478"]
[PlyCount "127"]
[EventDate "2000.??.??"]

1. e4 e6 2. d4 d5 3. e5 c5 4. c3 Nc6 5. Nf3 Nge7 6. Bd3 Ng6 7. O-O Be7 8. Be3
O-O 9. dxc5 Ngxe5 10. Nxe5 Nxe5 11. Bxh7+ Kxh7 12. Qh5+ Kg8 13. Qxe5 Bd7 14.
Na3 Rc8 15. Bd4 f6 16. Qe2 e5 17. Be3 Bxc5 18. Qd1 Be6 19. Bxc5 Rxc5 20. Qh5
Bf7 21. Qg4 Qc8 22. Qh4 Qf5 23. Rad1 Qh7 24. Qxh7+ Kxh7 25. Rd3 Bg6 26. Rd2
Rfc8 27. f3 Kg8 28. Rfd1 Bf7 29. g3 Ra5 30. h3 Kf8 31. Re2 Ke7 32. Kf2 Ra6 33.
h4 Be6 34. g4 Rh8 35. h5 Rc8 36. Red2 Ra5 37. Rh1 Rh8 38. Re1 Kf7 39. Red1 g6
40. Rh1 Kg7 41. Rdd1 Bf7 42. hxg6 Rxh1 43. Rxh1 Bxg6 44. Ke3 Bf7 45. Kd3 a6 46.
Rh2 Ra4 47. Rh4 Bg6+ 48. Kd2 f5 49. Ke2 Kf7 50. Ke3 Rf4 51. b3 d4+ 52. cxd4
Rxd4 53. Nc4 f4+ 54. Kf2 Kf6 55. Rh6 Kg5 56. Rh8 b5 57. Nxe5 Bb1 58. Ke2 Bxa2
59. Rh5+ Kf6 60. Nc6 Rd6 61. Rh6+ Kf7 62. Rxd6 Bxb3 63. Ne5+ Ke7 64. Rxa6 {
Cypher resigns} 1-0

[Event "ICS rated blitz match"]
[Site "204.178.125.65"]
[Date "2000.12.24"]
[Round "?"]
[White "PostModernist"]
[Black "Hossa"]
[Result "1/2-1/2"]
[WhiteElo "2616"]
[BlackElo "2529"]
[PlyCount "121"]
[EventDate "2000.??.??"]

1. d4 e6 2. c4 Nf6 3. Nf3 c5 4. d5 exd5 5. cxd5 d6 6. Nc3 g6 7. Nd2 Bg7 8. Nc4
O-O 9. Bf4 Ne8 10. Qd2 Bxc3 11. bxc3 b5 12. Nb2 Nc7 13. a4 bxa4 14. e3 Bb7 15.
Bc4 g5 16. Bg3 Qe7 17. Nxa4 Nd7 18. O-O Nf6 19. f3 Bxd5 20. Bxd5 Nfxd5 21. e4
Nf4 22. Bxf4 gxf4 23. Qxf4 Ne6 24. Qg3+ Ng7 25. Rfd1 Rad8 26. Rd5 f5 27. exf5
Qe3+ 28. Kh1 Rde8 29. h4 Qe7 30. Kg1 Qe3+ 31. Kh2 Qe7 32. Rxd6 Rxf5 33. Nb2 Ra8
34. Re1 Qc7 35. Nc4 Raf8 36. Re3 Rf4 37. Re4 Rxe4 38. fxe4 Kh8 39. Qe5 Qf7 40.
Rd5 Qf2 41. Qe7 Qf4+ 42. Kh3 Qf1 43. Nd6 h5 44. Rd1 Rf3+ 45. Kh2 Qxd1 46. Ne8
Rh3+ 47. Kxh3 Qg4+ 48. Kh2 Qf4+ 49. Kg1 Qc1+ 50. Kf2 Qd2+ 51. Kf1 Qd1+ 52. Kf2
Qd2+ 53. Kg1 Qc1+ 54. Kh2 Qf4+ 55. g3 Qf2+ 56. Kh3 Qf1+ 57. Kh2 Qf2+ 58. Kh1
Qf1+ 59. Kh2 Qf2+ 60. Kh1 Qf1+ 61. Kh2 {Game drawn by repetition} 1/2-1/2

[Event "ICS rated blitz match"]
[Site "204.178.125.65"]
[Date "2000.12.24"]
[Round "?"]
[White "PostModernist"]
[Black "Hossa"]
[Result "1-0"]
[WhiteElo "2629"]
[BlackElo "2533"]
[PlyCount "285"]
[EventDate "2000.??.??"]

1. e4 e6 2. d4 d5 3. Nc3 Bb4 4. e5 c5 5. a3 Bxc3+ 6. bxc3 Ne7 7. Nf3 Bd7 8. Be2
Ba4 9. O-O Qc7 10. Ra2 Nd7 11. Rb2 Nb6 12. dxc5 Qxc5 13. Qd4 Qc7 14. Bd3 O-O
15. Be3 Nc4 16. Bxc4 dxc4 17. Qe4 b6 18. Rb4 b5 19. Rb2 Rfd8 20. Nd4 Rd5 21. f4
Rad8 22. h4 a6 23. Bf2 R5d7 24. Qf3 Qb7 25. Qxb7 Rxb7 26. Be3 Nd5 27. Bd2 Rbd7
28. g4 g6 29. g5 Ne7 30. Be3 Kg7 31. Kg2 Kf8 32. Rh1 Kg8 33. h5 Nd5 34. Bd2
gxh5 35. Rxh5 Ne7 36. Kf3 Rc7 37. Be3 Nd5 38. Bd2 Rb7 39. Rb1 Ne7 40. Be3 Kg7
41. Bf2 Rbd7 42. Rbh1 Rh8 43. Be3 Kg8 44. Bc1 Nd5 45. Bb2 Rd8 46. Rh6 Ne7 47.
R6h2 Kg7 48. Rh3 Rd7 49. Rh6 Kg8 50. R6h5 a5 51. R1h2 Kg7 52. Rd2 Rdd8 53. Rhh2
Rhg8 54. Rd1 Rgf8 55. Rhd2 Rd5 56. Rh1 Rfd8 57. Rdh2 Rh8 58. Rd1 Kg8 59. Rhh1
Rd8 60. Nf5 Rxd1 61. Nh6+ Kg7 62. Rxd1 Bxc2 63. Rd7 Re8 64. Rb7 Ba4 65. Kg3 Kf8
66. Ra7 Rd8 67. Rxa5 Rd3+ 68. Kf2 Rd2+ 69. Ke1 Rd8 70. Kf2 Nc6 71. Ra6 Nb8 72.
Rd6 Nd7 73. f5 exf5 74. Nxf5 Bc2 75. Nd4 Be4 76. Ke3 Bg2 77. Bc1 Ke7 78. Nxb5
Rb8 79. a4 Ra8 80. Rd2 Bh3 81. Rh2 Bf5 82. Kf4 Bg6 83. Ba3+ Kd8 84. Ra2 Nb6 85.
a5 Nd5+ 86. Kf3 Kd7 87. Bd6 Bd3 88. Kg4 Rg8 89. Kh4 Ne3 90. a6 Nf5+ 91. Kh3 Bb1
92. a7 Nxd6 93. Rd2 Kc6 94. exd6 Kb6 95. Rb2 Be4 96. Kh4 Rd8 97. Rb4 Kc5 98.
Na3 Kxd6 99. Nxc4+ Kc7 100. Ne5 Bb7 101. Nxf7 Ra8 102. Ra4 Kb6 103. Ne5 Bd5
104. Nd7+ Kb7 105. Nf6 Bc6 106. Ra2 Rxa7 107. Rxa7+ Kxa7 108. Nxh7 Be4 109. Nf8
Kb8 110. g6 Kc7 111. g7 Bd5 112. Ng6 Kd7 113. Kg5 Kd6 114. Kf6 Bc4 115. Nh8 Bg8
116. Nf7+ Kc5 117. Ke7 Kc6 118. Nh6 Bd5 119. g8=Q Kc5 120. Qc8+ Kb5 121. Qb8+
Kc4 122. Qb4+ Kd3 123. Qd4+ Ke2 124. Qxd5 Ke3 125. Qd4+ Kf3 126. Qf2+ Kxf2 127.
Kd6 Ke3 128. c4 Kd4 129. c5 Kc4 130. c6 Kd4 131. c7 Ke4 132. Ng4 Kd3 133. Ke6
Kc4 134. Nf2 Kc5 135. Ng4 Kc4 136. Ne5+ Kc5 137. Kf6 Kb6 138. c8=Q Kb5 139.
Qc6+ Kb4 140. Nd3+ Kb3 141. Qc5 Ka2 142. Qb4 Ka1 143. Qb2# {Hossa checkmated}
1-0

[Event "ICS rated blitz match"]
[Site "204.178.125.65"]
[Date "2000.12.24"]
[Round "?"]
[White "Hossa"]
[Black "QueenMaxima"]
[Result "1-0"]
[WhiteElo "2521"]
[BlackElo "2490"]
[PlyCount "99"]
[EventDate "2000.??.??"]

1. d4 e6 2. c4 Nc6 3. Nc3 b6 4. Nf3 Ba6 5. e4 Bb4 6. Bd3 Na5 7. Qa4 c5 8. a3
Bxc3+ 9. bxc3 cxd4 10. cxd4 Rc8 11. Nd2 Qc7 12. O-O Bxc4 13. Nxc4 Nxc4 14. Bxc4
Qxc4 15. Qxa7 Qxd4 16. Qb7 Ne7 17. Be3 Qd6 18. Rfb1 Rc6 19. Rxb6 O-O 20. a4 f5
21. exf5 Nxf5 22. Rxc6 dxc6 23. Qa7 Nxe3 24. Qxe3 Rf4 25. g3 Rd4 26. a5 Rd3 27.
Qe1 Rd5 28. a6 Re5 29. Qb1 Rb5 30. Qxb5 cxb5 31. a7 Kf7 32. a8=Q Kf6 33. Rb1
Qd7 34. Qf3+ Ke7 35. Qh5 Kf6 36. Qxh7 Qd5 37. Qh4+ g5 38. Qb4 Kg6 39. Qxb5 Qe4
40. Rc1 Kf6 41. Qb2+ e5 42. Qb6+ Kf5 43. Qc7 Qd5 44. Qc8+ Kf6 45. Rc6+ Kg7 46.
Qb7+ Qf7 47. Rc7 Kg8 48. Rxf7 e4 49. Qe7 e3 50. Qe8# {QueenMaxima checkmated}
1-0

[Event "ICS rated blitz match"]
[Site "204.178.125.65"]
[Date "2000.12.24"]
[Round "?"]
[White "QueenMaxima"]
[Black "Hossa"]
[Result "1/2-1/2"]
[WhiteElo "2475"]
[BlackElo "2536"]
[PlyCount "195"]
[EventDate "2000.??.??"]

1. d4 d5 2. c4 e6 3. e3 Nf6 4. Nf3 Nc6 5. Nc3 Bd7 6. Bd2 Be7 7. Be2 dxc4 8.
Bxc4 O-O 9. O-O Bd6 10. Rc1 a6 11. h3 b5 12. Bd3 Nb4 13. Bb1 Nbd5 14. Ne2 Be7
15. e4 Nb4 16. Ne5 a5 17. a3 Na6 18. Bxa5 Be8 19. Nf3 b4 20. e5 Nd5 21. Re1
bxa3 22. bxa3 g6 23. Be4 Bxa3 24. Ra1 Bb4 25. Bxd5 Qxd5 26. Nf4 Qd8 27. Bxb4
Nxb4 28. Rxa8 Qxa8 29. Qb3 Qa4 30. Qc3 Bc6 31. Ra1 Qb5 32. Rb1 Nd5 33. Rxb5
Nxc3 34. Rc5 Bxf3 35. Rxc3 Bd1 36. Rxc7 Rd8 37. Rc4 g5 38. Nd3 Be2 39. Rc3 Rxd4
40. Nc1 Bb5 41. Rc5 Bc4 42. Kh2 Kg7 43. Kg3 Kg6 44. f3 Bf1 45. Kf2 Ba6 46. Ra5
Rd1 47. Ne2 Bxe2 48. Kxe2 Rb1 49. Ke3 Rb2 50. g4 Rh2 51. Ra8 Kg7 52. Rc8 Rxh3
53. Ke4 Rh2 54. Rc7 Re2+ 55. Kd4 Ra2 56. Rc8 Ra4+ 57. Ke3 Ra3+ 58. Ke4 Ra1 59.
Rb8 Re1+ 60. Kd4 Rf1 61. Ke4 Rd1 62. Rc8 Re1+ 63. Kd4 Rf1 64. Ke4 Rf2 65. Ke3
Rg2 66. Rd8 Ra2 67. Rd7 Ra5 68. Ke4 Ra4+ 69. Ke3 Ra3+ 70. Ke4 Ra1 71. Re7 Re1+
72. Kd4 Rf1 73. Ke4 Rc1 74. Re8 Rc4+ 75. Kd3 Rc5 76. Kd4 Rc2 77. Kd3 Rc6 78.
Kd4 Rc7 79. Kd3 Ra7 80. Ke4 f5+ 81. exf6+ Kxf6 82. Rf8+ Rf7 83. Rd8 Rb7 84.
Rf8+ Kg7 85. Re8 Kf6 86. Rf8+ Kg6 87. Rg8+ Rg7 88. Re8 Kf6 89. Rf8+ Ke7 90. Rb8
Rf7 91. Ke5 Rxf3 92. Rb7+ Kf8 93. Rxh7 Rf4 94. Kxe6 Kg8 95. Rh5 Rxg4 96. Kf6
Rg3 97. Rxg5+ Rxg5 98. Kxg5 {
Game drawn because neither player has mating material} 1/2-1/2

[Event "ICS rated blitz match"]
[Site "204.178.125.65"]
[Date "2000.12.24"]
[Round "?"]
[White "Hossa"]
[Black "Tulcas"]
[Result "1-0"]
[WhiteElo "2533"]
[BlackElo "2657"]
[PlyCount "23"]
[EventDate "2000.??.??"]

1. d4 Nf6 2. c4 e6 3. Nf3 c5 4. Nc3 cxd4 5. Nxd4 Nc6 6. Ndb5 d6 7. Bf4 Ne5 8.
c5 a6 9. cxd6 axb5 10. Bxe5 b4 11. Nb5 Nd5 12. e4 {Tulcas resigns} 1-0

[Event "ICS rated blitz match"]
[Site "204.178.125.65"]
[Date "2000.12.24"]
[Round "?"]
[White "JionoJones"]
[Black "Hossa"]
[Result "0-1"]
[WhiteElo "2174"]
[BlackElo "2554"]
[PlyCount "88"]
[EventDate "2000.??.??"]

1. d4 d5 2. c4 e6 3. Nc3 c5 4. cxd5 exd5 5. Nf3 Nc6 6. g3 Nf6 7. Bg2 Be7 8. O-O
O-O 9. Bg5 cxd4 10. Nxd4 h6 11. Be3 Re8 12. Rc1 Bg4 13. h3 Bc8 14. Nxc6 bxc6
15. Na4 Bf5 16. Bc5 Qc8 17. Kh2 Bxc5 18. Nxc5 Qc7 19. Qd4 Rxe2 20. Rfe1 Rxe1
21. Rxe1 Nd7 22. b4 Nxc5 23. Qxc5 Qb6 24. Rc1 Bd7 25. a4 Qxc5 26. Rxc5 a6 27.
b5 cxb5 28. axb5 Bxb5 29. Bxd5 Rd8 30. g4 g5 31. Kg3 Bd3 32. f4 Kg7 33. h4
gxh4+ 34. Kxh4 Rd7 35. g5 Rd6 36. Ra5 hxg5+ 37. fxg5 Kg6 38. Kg4 Rd7 39. Kf4
Kg7 40. Ke5 Be2 41. Kf4 Bb5 42. Ke5 Kg6 43. Bb7 Rxb7 44. Kf4 Rc7 {
JionoJones resigns} 0-1

[Event "ICS rated blitz match"]
[Site "204.178.125.65"]
[Date "2000.12.24"]
[Round "?"]
[White "Hossa"]
[Black "JionoJones"]
[Result "1-0"]
[WhiteElo "2557"]
[BlackElo "2171"]
[PlyCount "73"]
[EventDate "2000.??.??"]

1. e4 c5 2. Nf3 Nc6 3. d4 cxd4 4. Nxd4 Nf6 5. Nc3 e5 6. Ndb5 d6 7. Bg5 a6 8.
Na3 b5 9. Bxf6 gxf6 10. Nd5 Bg7 11. c3 f5 12. Nxb5 axb5 13. Bxb5 Bd7 14. exf5
O-O 15. O-O Rb8 16. a4 Qg5 17. Ne3 Rfd8 18. Qxd6 Bxf5 19. Qxc6 Bh3 20. Rfd1 f5
21. Qe6+ Kh8 22. b4 Rf8 23. Rd7 Rf6 24. Qxe5 Rbf8 25. f4 Qg6 26. Rad1 Re6 27.
Rxg7 Rxe5 28. Rxg6 Rxe3 29. Rh6 Bg4 30. Rd7 Rc8 31. Rhxh7+ Kg8 32. Rdg7+ Kf8
33. Rxg4 fxg4 34. Rh8+ Ke7 35. Rxc8 Kf6 36. Kf2 Re7 37. Kg3 {JionoJones resigns
} 1-0

[Event "ICS rated blitz match"]
[Site "204.178.125.65"]
[Date "2000.12.24"]
[Round "?"]
[White "JionoJones"]
[Black "Hossa"]
[Result "0-1"]
[WhiteElo "2168"]
[BlackElo "2560"]
[PlyCount "88"]
[EventDate "2000.??.??"]

1. d4 d5 2. c4 e6 3. Nc3 c5 4. cxd5 exd5 5. Nf3 Nc6 6. g3 Nf6 7. Bg2 Be7 8. O-O
O-O 9. Bg5 cxd4 10. Nxd4 h6 11. Be3 Re8 12. Rc1 Bg4 13. h3 Bc8 14. Nxc6 bxc6
15. Na4 Bf5 16. Bc5 Qc8 17. Kh2 Bxc5 18. Nxc5 Qc7 19. e3 Qe5 20. Qd2 Nd7 21.
Nxd7 Bxd7 22. Qc3 Rab8 23. Qxe5 Rxe5 24. b3 Rh5 25. Rc5 Rb5 26. Rfc1 a6 27.
R1c3 g6 28. a3 Rb8 29. b4 Re8 30. Bf1 Ra8 31. Bg2 Kg7 32. Bf1 Re5 33. Ra5 Rf5
34. Kg1 Rf6 35. Rcc5 Bc8 36. Kg2 Kh7 37. Be2 Bb7 38. Rc3 d4 39. exd4 c5+ 40.
Bf3 Rxf3 41. Rxf3 cxd4 42. g4 d3 43. Kg3 Bxf3 44. Kxf3 Rd8 {JionoJones resigns}
0-1

[Event "ICS rated blitz match"]
[Site "204.178.125.65"]
[Date "2000.12.24"]
[Round "?"]
[White "Hossa"]
[Black "JionoJones"]
[Result "1-0"]
[WhiteElo "2569"]
[BlackElo "2159"]
[PlyCount "35"]
[EventDate "2000.??.??"]

1. e4 c5 2. Nf3 Nc6 3. d4 cxd4 4. Nxd4 Nf6 5. Nc3 e5 6. Ndb5 d6 7. Bg5 a6 8.
Na3 b5 9. Bxf6 gxf6 10. Nd5 Bg7 11. c3 f5 12. Nxb5 axb5 13. Bxb5 Bd7 14. exf5
O-O 15. O-O f6 16. Ne3 Qe7 17. Qd5+ Kh8 18. Bxc6 {JionoJones resigns} 1-0

[Event "ICS rated blitz match"]
[Site "204.178.125.65"]
[Date "2000.12.24"]
[Round "?"]
[White "JionoJones"]
[Black "Hossa"]
[Result "0-1"]
[WhiteElo "2156"]
[BlackElo "2572"]
[PlyCount "70"]
[EventDate "2000.??.??"]

1. d4 d5 2. c4 e6 3. Nc3 c5 4. cxd5 exd5 5. Nf3 Nc6 6. g3 Nf6 7. Bg2 Be7 8. O-O
O-O 9. Bg5 cxd4 10. Nxd4 h6 11. Be3 Re8 12. Rc1 Bg4 13. Nxc6 bxc6 14. h3 Be6
15. Na4 Qc8 16. Kh2 Bf5 17. Bc5 Bxc5 18. Nxc5 Qc7 19. e3 Qe5 20. Qd2 Rab8 21.
b3 Nd7 22. Nxd7 Bxd7 23. Qc3 g6 24. Qxe5 Rxe5 25. Rc5 f6 26. Rfc1 Rf8 27. g4 f5
28. Kg3 fxg4 29. hxg4 h5 30. gxh5 Rg5+ 31. Kh2 Rxf2 32. Rg1 Rxh5+ 33. Kg3 Rxa2
34. Rh1 Rg5+ 35. Kf4 Raxg2 {JionoJones resigns} 0-1